Регионална библиотека "Любен Каравелов" - Русе

Тантристки тайни за мъже (Запис номер 84897)

MARC детайли
000 -Лидер
Контролно поле с фиксирана дължина 01765nam a2200409 c 4500
003 - Код на организацията, давaща контролен номер
Контролно поле BLK
005 - Дата и час на последна редакция
Контролно поле 20240711141917.0
008 - Елементи от данни с фиксирана дължина
fixed length control field 180408b bul|||||r ||||||| ||bul||
010 ## - Наследен системен номер
LC control number KNG00089490000
020 ## - Международен стандартен номер на книга ISBN
Международен стандартен номер на книга ISBN 954-626-218-8
-- издат.: Аратрон
040 ## - Източник на каталожния запис
Идентификатор на билиотеката - собственик на записа BLK
041 ## - Код за език
Код за езика на текст/звукозапис или на отделно заглавие Български
Код за езика КДБФ Български
080 ## - УДК
Текстов определител УДК Полово възпитание. Хигиена на половия живот - Полови излишества, проституция, полово въздържание
УДК код - определител по УДК 613.88
УДК определител -055.1(035)
УДК - код + определител 613.88-055.1(035)
100 1# - Редна дума - Автор
Автор Райли, Кери
Авторска отговорност първи автор
R(LIN) 301609
139 ## - Редно поле
Редна дума Райли, Кери и др.
Авторски знак Раич - Р 29
245 10 - Сведения за заглавието
Заглавие Тантристки тайни за мъже
Подзаглавни данни Нещата, които всяка жена би искала мъжът й да знае
Редно поле (дума) Кери Райли; съавт. Даян Райли; прев. от англ. Маргарита Спасова.
257 ## - Страна на издаване
Страна на създаване/издаване Съединени американски щати
260 ## - Област на издателските данни
-- София
Име на издателя, разпространителя и проч. Аратрон
Година на издаване 2006
300 ## - Физическа характеристика
Страници 311 с.
Илюстрации и др. с ил.
Размери/Мащаб 22 см
380 ## - Жанр
Жанр Медицина
500 ## - Общи забележки
Забележка Ориг. загл. Tantric secrets for men / Kerry Riley, Diane Riley. - Библиогр. с. 309-311
504 ## - Забележка за наличие на библиография и др
Забележка за наличие на библиография и под. 309-311
650 #4 - Допълнително описание по предмет – тема
Основно описание – тема или топоним Полов живот - мъже
9 (RLIN) 283516
650 #4 - Допълнително описание по предмет – тема
Основно описание – тема или топоним Сексология
9 (RLIN) 170493
650 #4 - Допълнително описание по предмет – тема
Основно описание – тема или топоним Индуизъм
9 (RLIN) 157220
653 ## - Ключова дума – ненормативна
Ключова дума сексология
653 ## - Ключова дума – ненормативна
Ключова дума мъже
653 ## - Ключова дума – ненормативна
Ключова дума тантризъм
700 1# - Други автори (авторска отговорност)
Лично име Райли, Даян
Автороска отговорност (Описва отношението между автора и произведението) съавт.
9 (RLIN) 301610
700 1# - Други автори (авторска отговорност)
Лично име Спасова, Маргарита Емилова
9 (RLIN) 122607
852 ## - Местоположение
Форматна сигнатура Цб 244004
856 4# - Електронен адрес и достъп
Електронен формат pdf - файл
Път до файла /url/
856 4# - Електронен адрес и достъп
Електронен формат pdf - файл
Път до файла /url/
942 ## - АРТИКУЛИ
Вид на библиотечния материал Книги
Скрит в OPAC Не
944 ## - СЪЗДАВАНЕ И РЕДАКЦИЯ на ЗАПИСА
Създаване/Редакция Създаване
Дата на регистрацията/редакция 14.05.2009
Служител, извършил регистрацията/редакцията 30560
Статус, дата на статуса Геновева Генчева
944 ## - СЪЗДАВАНЕ И РЕДАКЦИЯ на ЗАПИСА
Създаване/Редакция Редакция
Дата на регистрацията/редакция 11.06.2009
Служител, извършил регистрацията/редакцията
999 ## - СИСТЕМНИ КОНТРОЛНИ НОМЕРА
Koha biblionumber 84897
Koha biblioitemnumber 84897
Наличности
Код за отписване Код за изгубен артикул Код за повреда Коз за рестрикции Код за отдаване Артикулен № Име на библиотеката - собственик Име на библиотеката, в която се намира в момента Статус (Текущо местоположение) Дата на вписване в системата Местоположение - отдел Цена в лева Инвентарен номер Систематично азбучна сигнатура Баркод Номер на екземпляра Цена в евро Служебна бележка Служебен тип на артикула
  Не е изгубен Не е повреден без рестрикции ползва се в читалня 137715 Регионална библиотека "Любен Каравелов" Русе Регионална библиотека "Любен Каравелов" Русе Хранилище 2009-05-14 Хранилище 10.00 120000735617 Цб 244004 120000735617 1 5.11 Дост: Dp Вид: Д N: 49 Дата: 19.11.2008 Книги
Vip Innovations Ltd, Rousse, Bulgaria 2025